| 000 | 00592nam a2200205Ia 4500 | ||
|---|---|---|---|
| 005 | 20250326144513.0 | ||
| 008 | 250326s9999 xx 000 0 und d | ||
| 020 | _a0-8058-4067-2 | ||
| 037 | _aTextbook | ||
| 040 |
_aFMSL _beng _cFMSL |
||
| 041 |
_aeng _2eng |
||
| 084 |
_aS P4 _qFMSL |
||
| 100 |
_aCharman D P _9749791 |
||
| 245 | 0 |
_aCore processes in brief psychodynamic psychotherapy : advancing effective practice _cCharman D P |
|
| 260 |
_aNew Jersey _bNew Jersey, LEA _c2004 |
||
| 300 | _axv,422. | ||
| 365 | _b5623.5 | ||
| 942 |
_cTB _hS P4 |
||
| 999 |
_c1303954 _d1303954 |
||